Encyklopedie tělesné kultury A-O

Salvato in:
Dettagli Bibliografici
Natura: Libro
Lingua:ceco
Pubblicazione: Bratislava Olympia 1988
Edizione:1. vyd.
Tags: Aggiungi Tag
Nessun Tag, puoi essere il primo ad aggiungerne!!

MARC

LEADER 00000nam a2200000 4500
001 c030757
005 20250827102424.4
041 0 |a cze 
044 |a SK 
245 1 0 |a Encyklopedie tělesné kultury  |b A-O  |c Red. Ernest Demetrovič 
250 |a 1. vyd. 
264 1 |a Bratislava  |b Olympia  |c 1988 
300 |a 461 s.